[Event "Bastia op"]
[Site "Bastia"]
[Date "2023.07.09"]
[Round "2"]
[White "Bigonnet, Jean Michel"]
[Black "Fedorchuk, Sergey A"]
[Result "1-0"]
[WhiteElo "2050"]
[BlackElo "2589"]
[PlyCount "67"]
[EventDate "2023.07.09"]
[EventType "swiss"]
[EventRounds "9"]
[EventCountry "FRA"]
[SourceTitle "CBM 215 Extra"]
[Source "ChessBase"]
[SourceDate "2023.09.30"]
[SourceVersion "1"]
[SourceVersionDate "2023.09.30"]
[SourceQuality "1"]

1. d4 Nf6 2. Bg5 e6 3. e4 h6 4. Bxf6 Qxf6 5. Nc3 Bb4 6. Qd3 b6 7. Nge2 0-0 8. a3 Ba6 9. Qe3 Bxc3+ 10. Qxc3 Rc8 11. 0-0-0 Qxf2 12. Ng3 c5 13. Kb1 Qf6 14. e5 Qg6 15. d5 c4 16. Be2 Bb7 17. Bh5 Qg5 18. h4 Qe7 19. d6 Qe8 20. Rhf1 g6 21. Qe3 Kg7 22. Rf6 Nc6 23. Rdf1 Nd8 24. Bf3 Bxf3 25. R1xf3 Rc5 26. Nh5+ Kh7 27. Rxf7+ Qxf7 28. Rxf7+ Nxf7 29. Nf6+ Kg7 30. Nxd7 Rd5 31. Qf3 Re8 32. Qf6+ Kg8 33. Qxg6+ Kh8 34. Nf6 1-0

[Event "Corsica-ch"]
[Site "Bastia"]
[Date "2013.07.03"]
[Round "4"]
[White "Bigonnet, Jean Michel"]
[Black "Battesti, Saveriu"]
[Result "1-0"]
[WhiteElo "1987"]
[BlackElo "2010"]
[PlyCount "47"]
[EventDate "2013.06.29"]
[EventType "tourn"]
[EventRounds "7"]
[EventCountry "FRA"]
[SourceTitle "EXT 2014"]
[Source "ChessBase"]
[SourceDate "2013.11.20"]
[SourceVersion "1"]
[SourceVersionDate "2013.11.20"]
[SourceQuality "1"]

1. e4 e5 2. Nf3 Nc6 3. Bb5 a6 4. Ba4 Nf6 5. d4 b5 6. Bb3 Nxe4 7. dxe5 Nc5 8. c3 Nxb3 9. axb3 Be7 10. 0-0 0-0 11. Bf4 Bb7 12. b4 d6 13. exd6 cxd6 14. Na3 Qc8 15. Re1 Qg4 16. Bg3 Rfe8 17. Nc2 Qg6 18. Ne3 Ne5 19. Nd5 Nxf3+ 20. Qxf3 Rab8 21. Rxe7 Kf8 22. Bxd6 Bxd5 23. Rxe8+ Kxe8 24. Qxd5 1-0

[Event "Corsica-ch"]
[Site "Bastia"]
[Date "2013.07.02"]
[Round "3"]
[White "Brethes, Francois"]
[Black "Bigonnet, Jean Michel"]
[Result "1-0"]
[WhiteElo "2266"]
[BlackElo "1987"]
[PlyCount "127"]
[EventDate "2013.06.29"]
[EventType "tourn"]
[EventRounds "7"]
[EventCountry "FRA"]
[SourceTitle "EXT 2014"]
[Source "ChessBase"]
[SourceDate "2013.11.20"]
[SourceVersion "1"]
[SourceVersionDate "2013.11.20"]
[SourceQuality "1"]

1. d4 Nf6 2. Nc3 d5 3. Nf3 e6 4. Bf4 Be7 5. e3 0-0 6. Be2 b6 7. Ne5 Bb7 8. 0-0 Nbd7 9. Bb5 Nxe5 10. dxe5 Nd7 11. Qg4 c6 12. Bd3 g6 13. Ne2 Qc7 14. Qg3 Nc5 15. Nd4 Ne4 16. Qh3 c5 17. Nf3 c4 18. Bxe4 dxe4 19. Nd4 Bd5 20. Rfd1 c3 21. Nb5 Qc6 22. Nxc3 b5 23. Nxd5 exd5 24. Rd2 a5 25. Qg4 h5 26. Qg3 h4 27. Qg4 Qe6 28. h3 Qxg4 29. hxg4 g5 30. Bh2 Rfd8 31. Rad1 Rac8 32. Kf1 Rc5 33. f4 exf3 34. gxf3 Rdc8 35. Rc1 b4 36. Ke2 a4 37. Bg1 Rc4 38. Kd1 Rd8 39. Rd3 a3 40. b3 Rc3 41. Rxc3 bxc3 42. Ke2 Bb4 43. Kd3 Kf8 44. Bf2 Ke7 45. Rh1 Rh8 46. f4 Ke6 47. Kd4 Ba5 48. Rh3 gxf4 49. Rxh4 Rxh4 50. Bxh4 fxe3 51. Bg3 Bb6+ 52. Kxc3 Ba5+ 53. Kd3 d4 54. Kxd4 e2 55. c3 Bc7 56. Kd3 Bxe5 57. Be1 Kf6 58. Bh4+ Ke6 59. c4 Bf6 60. Bg3 Be5 61. Be1 Bb2 62. Kxe2 Ke5 63. Kd3 Kf4 64. c5 1-0

[Event "Calvi Balagne op 10th"]
[Site "Calvi"]
[Date "2013.04.13"]
[Round "6"]
[White "Bacrot, Etienne"]
[Black "Bigonnet, Jean Michel"]
[Result "1-0"]
[WhiteElo "2705"]
[BlackElo "1976"]
[PlyCount "21"]
[EventDate "2013.04.13"]
[EventType "swiss (rapid)"]
[EventRounds "9"]
[EventCountry "FRA"]
[SourceTitle "CBM 153 Extra"]
[Source "ChessBase"]
[SourceDate "2013.04.22"]
[SourceVersion "1"]
[SourceVersionDate "2013.04.22"]
[SourceQuality "1"]

1. d4 Nf6 2. Nf3 c5 3. d5 b5 4. Bg5 Qb6 5. a4 Bb7 6. axb5 Nxd5 7. e4 Nc7 8. Nc3 Ne6 9. Be3 d6 10. Bc4 Nc7 11. Na4 1-0

[Event "Ajaccio op 1st"]
[Site "Ajaccio"]
[Date "2012.04.25"]
[Round "3"]
[White "Bigonnet, Jean Michel"]
[Black "Mullon, Jean Baptiste"]
[Result "0-1"]
[WhiteElo "1956"]
[BlackElo "2405"]
[PlyCount "192"]
[EventDate "2012.04.24"]
[EventType "swiss"]
[EventRounds "9"]
[EventCountry "FRA"]
[SourceTitle "CBM 148 Extra"]
[Source "ChessBase"]
[SourceDate "2012.06.22"]
[SourceVersion "1"]
[SourceVersionDate "2012.06.22"]
[SourceQuality "1"]

1. e4 c5 2. Nf3 e6 3. c3 d5 4. exd5 Qxd5 5. d4 Nf6 6. Na3 Qd8 7. Nc4 Nc6 8. Be3 Ng4 9. Be2 Nxe3 10. fxe3 Be7 11. 0-0 0-0 12. Qc2 Qc7 13. Bd3 g6 14. Qf2 Bd7 15. Rae1 Be8 16. a3 Rd8 17. Kh1 b5 18. Nce5 Nxe5 19. Nxe5 f6 20. Nf3 e5 21. Qc2 c4 22. Be2 Bf7 23. Rd1 Bd6 24. dxe5 Bxe5 25. Nd4 a6 26. g3 Kg7 27. Bf3 Rfe8 28. Qf2 Rd6 29. Rfe1 Qd7 30. Kg1 Qc7 31. Rd2 Rb8 32. Qg2 Rbb6 33. Red1 a5 34. Nc2 Rxd2 35. Qxd2 Rd6 36. Nd4 Qc5 37. Kf2 h5 38. Bg2 Qb6 39. Bf3 Qb8 40. Kg2 h4 41. Qf2 hxg3 42. hxg3 Qb6 43. Qd2 f5 44. Qf2 b4 45. axb4 axb4 46. Ra1 bxc3 47. bxc3 Rd8 48. Qc2 Rh8 49. Qf2 Qc7 50. Ra8 Rxa8 51. Bxa8 Qa7 52. Bf3 Qa1 53. Qd2 Bf6 54. Bc6 Qa5 55. Bf3 Qe5 56. Qe1 Bg5 57. Kf2 Qb8 58. Qc1 Bf6 59. Qd2 Be5 60. Ne2 Qh8 61. Kg2 Qf8 62. Nd4 Qa3 63. Bc6 Kf6 64. Bf3 Qd6 65. Qf2 Be8 66. Kh2 Bd7 67. Kg2 Kg7 68. Qe1 g5 69. Kh2 Qh6+ 70. Kg1 Qd6 71. Kh2 Kg6 72. Qf2 Bc8 73. Ba8 Qa3 74. Bb7 Bd7 75. Bc6 Qd6 76. Bxd7 Qxd7 77. Qc2 Qc8 78. Qb1 Bxd4 79. exd4 Qe6 80. Qc2 Qe3 81. Qg2 Qxc3 82. Qc6+ Kh5 83. Qe8+ Kg4 84. Qe2+ Qf3 85. Qxc4 Qxg3+ 86. Kh1 Qf3+ 87. Kh2 Qf2+ 88. Kh1 Qe1+ 89. Kh2 Qd2+ 90. Kg1 f4 91. d5 Qe1+ 92. Kh2 Qf2+ 93. Kh1 Kg3 94. Qd3+ Qe3 95. Qf1 Qe4+ 96. Kg1 Qd4+ 0-1

[Event "FRA-ch U16"]
[Site "Nimes"]
[Date "2012.04.17"]
[Round "5"]
[White "Kirk, Ezra"]
[Black "Bigonnet, Jean Michel"]
[Result "1-0"]
[WhiteElo "2201"]
[BlackElo "1956"]
[PlyCount "87"]
[EventDate "2012.04.14"]
[EventType "swiss"]
[EventRounds "9"]
[EventCountry "FRA"]
[SourceTitle "CBM 148 Extra"]
[Source "ChessBase"]
[SourceDate "2012.06.22"]
[SourceVersion "1"]
[SourceVersionDate "2012.06.22"]
[SourceQuality "1"]

1. d4 Nf6 2. c4 c5 3. d5 b5 4. cxb5 a6 5. bxa6 g6 6. Nc3 Bxa6 7. Nf3 d6 8. g3 Bg7 9. Bg2 Nbd7 10. Rb1 0-0 11. b3 Qa5 12. Bd2 Rfb8 13. 0-0 Qc7 14. Qc2 Nb6 15. Nh4 c4 16. b4 Bb7 17. e4 e6 18. dxe6 fxe6 19. Bf4 Ne8 20. Be3 Bc6 21. Bh3 Qe7 22. Ne2 Nc7 23. Bxb6 Rxb6 24. Qxc4 Bb5 25. Qc2 Rc6 26. Qd2 Rca6 27. Rfc1 Rxa2 28. Rxc7 Rxd2 29. Rxe7 Rxe2 30. Bxe6+ Kh8 31. Nf3 Bd3 32. Rd1 Bxe4 33. Bc4 Bf8 34. Re6 Bxf3 35. Bxe2 Bb7 36. b5 Ra2 37. Bc4 Rb2 38. Ra1 d5 39. Bf1 Bc5 40. Re2 Rxe2 41. Bxe2 Bb6 42. Bf3 Kg7 43. Rd1 Kf6 44. Bxd5 1-0

[Event "Bastia CC Summer op 9th"]
[Site "Bastia"]
[Date "2011.07.01"]
[Round "7"]
[White "Szymanski, Piotr2"]
[Black "Bigonnet, Jean Michel"]
[Result "0-1"]
[WhiteElo "1856"]
[BlackElo "1927"]
[PlyCount "94"]
[EventDate "2011.06.23"]
[EventType "swiss"]
[EventRounds "7"]
[EventCountry "FRA"]
[SourceTitle "EXT 2012"]
[Source "ChessBase"]
[SourceDate "2011.11.24"]
[SourceVersion "1"]
[SourceVersionDate "2011.11.24"]
[SourceQuality "1"]

1. Nf3 Nf6 2. c4 c5 3. Nc3 e6 4. g3 d5 5. cxd5 exd5 6. e3 Nc6 7. d4 c4 8. Bg2 Bb4 9. 0-0 0-0 10. a3 Bxc3 11. bxc3 Ne4 12. Qc2 Na5 13. Nd2 Nxd2 14. Bxd2 Nb3 15. Rae1 Bf5 16. e4 Bg6 17. Re3 Re8 18. Rfe1 Qd7 19. f4 Rxe4 20. Bxe4 Bxe4 21. Rxe4 dxe4 22. Rxe4 Re8 23. Be1 Rxe4 24. Qxe4 Qe6 25. Qxe6 fxe6 26. Kf2 Kf7 27. Ke3 Na1 28. Ke4 Nc2 29. Bf2 Nxa3 30. d5 exd5+ 31. Kxd5 b6 32. Kc6 Ke6 33. g4 g6 34. h3 Nb1 35. Bd4 Nd2 36. Kb5 Ne4 37. Ka6 Nd6 38. Be5 Nc8 39. Kb5 Kd5 40. Bb8 Ne7 41. Bxa7 Ke4 42. Kxc4 Kxf4 43. Bxb6 Kg3 44. Bd8 Nc8 45. Kd5 Kf4 46. c4 h5 47. gxh5 gxh5 0-1

[Event "Bastia CC Summer op 9th"]
[Site "Bastia"]
[Date "2011.06.27"]
[Round "3"]
[White "Battesti, Marc Andria"]
[Black "Bigonnet, Jean Michel"]
[Result "1/2-1/2"]
[WhiteElo "1988"]
[BlackElo "1927"]
[PlyCount "47"]
[EventDate "2011.06.23"]
[EventType "swiss"]
[EventRounds "7"]
[EventCountry "FRA"]
[SourceTitle "EXT 2012"]
[Source "ChessBase"]
[SourceDate "2011.11.24"]
[SourceVersion "1"]
[SourceVersionDate "2011.11.24"]
[SourceQuality "1"]

1. e4 e5 2. f4 exf4 3. Nf3 d5 4. exd5 Nf6 5. Bb5+ c6 6. dxc6 Nxc6 7. d4 Bd6 8. Qe2+ Be6 9. Ng5 0-0 10. Nxe6 fxe6 11. Qxe6+ Kh8 12. Bxc6 bxc6 13. 0-0 Qc7 14. Nd2 Rae8 15. Qh3 Re2 16. c4 g5 17. c5 g4 18. cxd6 gxh3 19. dxc7 Rxg2+ 20. Kh1 Ng4 21. Ne4 Rxh2+ 22. Kg1 Rg2+ 23. Kh1 Rh2+ 24. Kg1 1/2-1/2

[Event "St Chely d'Aubrac op 10th"]
[Site "St Chely d'Aubrac"]
[Date "2010.07.10"]
[Round "1"]
[White "Bigonnet, Jean Michel"]
[Black "Muheim, Xavier"]
[Result "1-0"]
[WhiteElo "1925"]
[BlackElo "1470"]
[PlyCount "61"]
[EventDate "2010.07.10"]
[EventType "swiss"]
[EventRounds "9"]
[EventCountry "FRA"]
[SourceTitle "CBM 137 Extra"]
[Source "ChessBase"]
[SourceDate "2010.09.01"]
[SourceVersion "1"]
[SourceVersionDate "2010.09.01"]
[SourceQuality "1"]

1. d4 d5 2. Nc3 b6 3. Nf3 Bb7 4. Bf4 Nf6 5. e3 e6 6. Bb5+ c6 7. Be2 Nbd7 8. 0-0 Be7 9. Re1 0-0 10. Bd3 Rc8 11. e4 c5 12. e5 Ne8 13. Bf1 Nc7 14. Ne2 f6 15. c3 fxe5 16. Nxe5 Nxe5 17. Bxe5 Bf6 18. f4 Bxe5 19. fxe5 cxd4 20. cxd4 Qg5 21. Qc1 Qxc1 22. Raxc1 Ba6 23. Rc2 Bxe2 24. Bxe2 Nb5 25. Rxc8 Rxc8 26. Bxb5 Rf8 27. Bd7 Rf4 28. Bxe6+ Kf8 29. Rf1 Rxf1+ 30. Kxf1 Ke7 31. Bxd5 1-0

[Event "Porticcio op 12th"]
[Site "Porticcio"]
[Date "2010.04.05"]
[Round "8"]
[White "Geronimi, Pierre Francois"]
[Black "Bigonnet, Jean Michel"]
[Result "0-1"]
[WhiteElo "1961"]
[BlackElo "1914"]
[PlyCount "46"]
[EventDate "2010.04.01"]
[EventType "swiss"]
[EventRounds "9"]
[EventCountry "FRA"]
[SourceTitle "EXT 2012"]
[Source "ChessBase"]
[SourceDate "2011.11.24"]
[SourceVersion "1"]
[SourceVersionDate "2011.11.24"]
[SourceQuality "1"]

1. e4 e5 2. Nf3 d6 3. d4 exd4 4. Nxd4 Nf6 5. Nc3 Be7 6. Be2 0-0 7. Be3 Re8 8. f3 Bf8 9. Qd2 c5 10. Nb3 Nc6 11. Rd1 a6 12. a4 Be6 13. 0-0 Qb6 14. Bg5 Be7 15. a5 Qc7 16. f4 Rad8 17. f5 Bxb3 18. cxb3 Nd4 19. Bc4 Qxa5 20. Ra1 Qb4 21. Ra4 Nxe4 22. Nxe4 Qxd2 23. Bxd2 d5 0-1

[Event "Porticcio op 12th"]
[Site "Porticcio"]
[Date "2010.04.04"]
[Round "5"]
[White "Geronimi, Didier"]
[Black "Bigonnet, Jean Michel"]
[Result "0-1"]
[WhiteElo "1704"]
[BlackElo "1914"]
[PlyCount "69"]
[EventDate "2010.04.01"]
[EventType "swiss"]
[EventRounds "9"]
[EventCountry "FRA"]
[SourceTitle "EXT 2012"]
[Source "ChessBase"]
[SourceDate "2011.11.24"]
[SourceVersion "1"]
[SourceVersionDate "2011.11.24"]
[SourceQuality "1"]

1. e4 e5 2. Bc4 Be7 3. Nf3 d6 4. d3 Nf6 5. 0-0 0-0 6. Be3 Re8 7. h3 c6 8. c3 Bf8 9. Qb3 d5 10. exd5 b5 11. dxc6 bxc4 12. Qxc4 Be6 13. c7 Qe7 14. cxb8Q Bxc4 15. Qxe5 Bxd3 16. Qxe7 Rxe7 17. Rd1 Be4 18. Nbd2 Rb7 19. b3 Bc2 20. Rdc1 Bg6 21. Nc4 h6 22. Nfe5 Bf5 23. g4 Be6 24. Nc6 Rc7 25. N4a5 Rac8 26. Bd4 Ne4 27. Re1 Ng5 28. Re3 Bd5 29. Rae1 Nf3+ 30. Kf1 Nxe1 31. Kxe1 Be6 32. f3 Be7 33. Ne5 Bg5 34. Re2 Bf4 35. Ng6 0-1

[Event "Calvi Balagne op 06th"]
[Site "Calvi"]
[Date "2009.05.02"]
[Round "8"]
[White "Laurent, Francois"]
[Black "Bigonnet, Jean Michel"]
[Result "1-0"]
[WhiteElo "1977"]
[BlackElo "1824"]
[PlyCount "49"]
[EventDate "2009.04.28"]
[EventType "swiss"]
[EventRounds "9"]
[EventCountry "FRA"]
[SourceTitle "CBM 130 Extra"]
[Source "ChessBase"]
[SourceDate "2009.07.02"]
[SourceVersion "2"]
[SourceVersionDate "2009.07.15"]
[SourceQuality "1"]

1. d4 Nf6 2. c4 c5 3. d5 b5 4. cxb5 a6 5. f3 e6 6. e4 c4 7. Bxc4 axb5 8. Bxb5 Bc5 9. Qe2 0-0 10. dxe6 fxe6 11. Be3 Qa5+ 12. Nc3 Bb4 13. Rc1 d5 14. e5 Nfd7 15. f4 Qxa2 16. Nf3 Qa5 17. 0-0 Nc5 18. Nd4 Bxc3 19. Rxc3 Na4 20. Bxa4 Qxa4 21. Ra3 Ba6 22. Rxa4 Bxe2 23. Rxa8 Bxf1 24. Kxf1 Nd7 25. Rxf8+ 1-0

[Event "Calvi Balagne op 06th"]
[Site "Calvi"]
[Date "2009.04.30"]
[Round "4"]
[White "Tinomano, Johann"]
[Black "Bigonnet, Jean Michel"]
[Result "0-1"]
[WhiteElo "1528"]
[BlackElo "1824"]
[PlyCount "56"]
[EventDate "2009.04.28"]
[EventType "swiss"]
[EventRounds "9"]
[EventCountry "FRA"]
[SourceTitle "CBM 130 Extra"]
[Source "ChessBase"]
[SourceDate "2009.07.02"]
[SourceVersion "2"]
[SourceVersionDate "2009.07.15"]
[SourceQuality "1"]

1. b3 e5 2. Bb2 Nc6 3. c4 Bc5 4. e3 Nf6 5. a3 a5 6. Ne2 0-0 7. d4 exd4 8. exd4 Be7 9. d5 Nb8 10. Ng3 Re8 11. Be2 d6 12. 0-0 Na6 13. Nh5 Nxh5 14. Bxh5 Bf6 15. Ra2 Bxb2 16. Rxb2 Qf6 17. Qf3 Qxf3 18. Bxf3 Bf5 19. Nc3 Nc5 20. Nb5 Rac8 21. Nd4 Bg6 22. Bg4 Rcd8 23. Nb5 Re7 24. f4 Bd3 25. Rf3 Be2 26. Rg3 Bxg4 27. Rxg4 Re1+ 28. Kf2 Nd3+ 0-1

[Event "Calvi Balagne op 06th"]
[Site "Calvi"]
[Date "2009.04.28"]
[Round "1"]
[White "Bigonnet, Jean Michel"]
[Black "Leveque, Karine"]
[Result "1-0"]
[WhiteElo "1824"]
[BlackElo "1330"]
[PlyCount "27"]
[EventDate "2009.04.28"]
[EventType "swiss"]
[EventRounds "9"]
[EventCountry "FRA"]
[SourceTitle "CBM 130 Extra"]
[Source "ChessBase"]
[SourceDate "2009.07.02"]
[SourceVersion "2"]
[SourceVersionDate "2009.07.15"]
[SourceQuality "1"]

1. d4 d5 2. Nc3 Nf6 3. Bg5 e6 4. e4 Be7 5. Bxf6 Bxf6 6. Nf3 Nc6 7. e5 Be7 8. Bd3 0-0 9. h4 Nb4 10. Bxh7+ Kxh7 11. Ng5+ Bxg5 12. hxg5+ Kg8 13. Qh5 f6 14. g6 1-0

[Event "Corsica-ch"]
[Site "Corsica"]
[Date "2008.06.01"]
[Round "2"]
[White "Bigonnet, Jean Michel"]
[Black "Massoni, Michael"]
[Result "0-1"]
[WhiteElo "1756"]
[BlackElo "2176"]
[PlyCount "92"]
[EventDate "2008.05.31"]
[EventType "swiss"]
[EventRounds "9"]
[EventCountry "FRA"]
[SourceTitle "EXT 2009"]
[Source "ChessBase"]
[SourceDate "2008.11.26"]
[SourceVersion "1"]
[SourceVersionDate "2008.11.26"]
[SourceQuality "1"]

1. e4 c5 2. Nf3 e6 3. c3 d5 4. exd5 exd5 5. d4 c4 6. Bf4 Bd6 7. Bxd6 Qxd6 8. Be2 Ne7 9. 0-0 0-0 10. Nbd2 Nbc6 11. Nh4 Qf6 12. g3 b5 13. Kh1 Bh3 14. Ng2 Bf5 15. f4 Rfe8 16. g4 Be4 17. Nxe4 dxe4 18. g5 Qd6 19. f5 f6 20. Bh5 Rf8 21. g6 h6 22. Ne3 Nd5 23. Qd2 Rfe8 24. Nxd5 Qxd5 25. Qe3 Ne7 26. Bg4 Qc6 27. Bh3 Nd5 28. Qe2 Re7 29. Bg2 Rae8 30. Rae1 b4 31. Qc2 bxc3 32. bxc3 e3 33. Bxd5+ Qxd5+ 34. Qg2 Qa5 35. Qc2 e2 36. Rf2 Qd5+ 37. Kg1 Re4 38. Rexe2 Rg4+ 39. Rg2 Rxg2+ 40. Rxg2 Qf3 41. h4 Re1+ 42. Kh2 Qf4+ 43. Rg3 Qxh4+ 44. Rh3 Qf4+ 45. Rg3 Qf1 46. Rg4 Re2+ 0-1

[Event "Corsica-ch"]
[Site "Corsica"]
[Date "2008.05.31"]
[Round "1"]
[White "Massoni, Michael"]
[Black "Bigonnet, Jean Michel"]
[Result "1-0"]
[WhiteElo "2176"]
[BlackElo "1755"]
[PlyCount "75"]
[EventDate "2008.05.31"]
[EventType "swiss"]
[EventRounds "9"]
[EventCountry "FRA"]
[SourceTitle "EXT 2009"]
[Source "ChessBase"]
[SourceDate "2008.11.26"]
[SourceVersion "1"]
[SourceVersionDate "2008.11.26"]
[SourceQuality "1"]

1. e4 c5 2. Nc3 Nc6 3. Nge2 d6 4. d4 cxd4 5. Nxd4 e5 6. Nb3 f5 7. Bc4 Nf6 8. Bg5 Be7 9. Bxf6 Bxf6 10. Qd5 Rf8 11. Rd1 Be7 12. 0-0 f4 13. f3 Rf6 14. Qg8+ Bf8 15. Nd5 Rf7 16. Qxh7 a6 17. a4 Na5 18. Nxa5 Qxa5 19. b4 Qd8 20. Qg6 b5 21. axb5 axb5 22. Bxb5+ Bd7 23. Qe6+ Re7 24. Bxd7+ Qxd7 25. Qxd7+ Rxd7 26. Nb6 Rb8 27. Nxd7 Kxd7 28. Rb1 Rc8 29. b5 Kc7 30. Ra1 Kb6 31. Rfb1 Rxc2 32. Ra8 Be7 33. Rb8+ Kc7 34. Rg8 Bf6 35. b6+ Kb7 36. Rf8 Rc6 37. Rf7+ Kb8 38. b7 1-0

[Event "Aveugle rap blindfold 3th"]
[Site "Bastia"]
[Date "2008.05.24"]
[Round "4"]
[White "Bigonnet, Jean Michel"]
[Black "Cesari, Cathy"]
[Result "1-0"]
[WhiteElo "1755"]
[BlackElo "1240"]
[PlyCount "23"]
[EventDate "2008.05.24"]
[EventType "swiss (rapid)"]
[EventRounds "5"]
[EventCountry "FRA"]
[SourceTitle "EXT 2009"]
[Source "ChessBase"]
[SourceDate "2008.11.26"]
[SourceVersion "1"]
[SourceVersionDate "2008.11.26"]
[SourceQuality "1"]

1. e4 e6 2. d4 d5 3. exd5 exd5 4. Bd3 Be7 5. Nf3 Nf6 6. 0-0 0-0 7. c3 Re8 8. Qc2 a5 9. Ng5 Ne4 10. Nxe4 dxe4 11. Bxe4 Bg5 12. Bxg5 1-0

[Event "Bastia blindfold rap 2nd"]
[Site "Bastia"]
[Date "2007.05.19"]
[Round "4"]
[White "Bigonnet, Jean Michel"]
[Black "Humeau, Cyril"]
[Result "0-1"]
[WhiteElo "1890"]
[BlackElo "2162"]
[PlyCount "30"]
[EventDate "2007.05.19"]
[EventType "swiss (rapid)"]
[EventRounds "5"]
[EventCountry "FRA"]
[SourceTitle "EXT 2008"]
[Source "ChessBase"]
[SourceDate "2007.11.25"]
[SourceVersion "1"]
[SourceVersionDate "2007.11.25"]
[SourceQuality "1"]

1. b4 c6 2. Bb2 a5 3. bxa5 Qxa5 4. Nf3 Nf6 5. e3 e6 6. Be2 Be7 7. 0-0 0-0 8. c4 d5 9. Qc2 Nbd7 10. Re1 Qa4 11. Qxa4 Rxa4 12. Nc3 Ra8 13. d4 Re8 14. a3 h6 15. Rac1 Nh7 0-1